000
00342nam a2200133Ia 4500
008
240624s9999 xx 000 0 und d
041
_a
eng
082
_a
346.048 SIN
100
_a
SINGH RAGHBIR
245
_a
LAW RELATING TO INTELLECTUAL PROPERTY I
260
_c
2004
_a
Delhi
_b
Universal Law Publishing
300
_a
lxxvi, : 940
365
_c
RS
999
_c
1520
_d
1520